[Event "Superettan(Burgsvik-Orgryte)"]
[Site "?"]
[Date "2022.04.10"]
[Round "8"]
[White "Haitin, Ilja"]
[Black "Olsson, William"]
[Result "1-0"]
[WhiteElo "2355"]
[BlackElo "2316"]
[PlyCount "73"]

1. d4 d5 2. Nf3 Nf6 3. g3 c6 4. c4 dxc4 5. Bg2 b5 6. O-O Bb7 7. b3 cxb3 8. Qxb3
e6 9. a4 a6 10. Nc3 Nbd7 11. Ne5 Nxe5 12. dxe5 Nd7 13. Rd1 Qc8 14. Ne4 Nc5 15.
Nxc5 Bxc5 16. Ba3 Bxa3 17. Qxa3 Qc7 18. axb5 axb5 19. Qxa8+ Bxa8 20. Rxa8+ Ke7
21. Rxh8 Qxe5 22. Bxc6 Qc5 23. Rd7+ Kf6 24. Bf3 b4 25. Rb7 Kg6 26. Rhb8 f5 27.
Rxb4 Kf6 28. R4b6 g5 29. Rc6 Qd4 30. Rbb6 g4 31. Rxe6+ Kf7 32. Bb7 f4 33. gxf4
h5 34. Be4 h4 35. Bg6+ Kg7 36. Rb7+ Kh6 37. Rh7# 1-0

[Event "Superettan(Kristallen-Upsala)"]
[Site "?"]
[Date "2022.04.10"]
[Round "8"]
[White "Lindh, Fredrik"]
[Black "Johansson, Jan"]
[Result "1-0"]
[WhiteElo "2303"]
[BlackElo "2291"]
[PlyCount "95"]

1. e4 g6 2. d4 Bg7 3. Nf3 d6 4. Nc3 a6 5. a4 b6 6. Bc4 e6 7. O-O Bb7 8. Bf4 Ne7
9. Qd2 h6 10. h4 Nd7 11. Rad1 Kf8 12. Rfe1 Kg8 13. Qd3 Qe8 14. Ba2 Rc8 15. Nb1
Kh7 16. a5 bxa5 17. Nbd2 Nb6 18. c4 Nc6 19. Bb1 e5 20. Be3 Na4 21. d5 Nxb2 22.
Qa3 Nxd1 23. dxc6 Bxc6 24. Rxd1 a4 25. Bc2 Bf6 26. Nb1 Qe7 27. Nc3 Bxh4 28.
Bxa4 Ba8 29. c5 Rhd8 30. c6 Bf6 31. Nd5 Qe6 32. Bb3 Bxc6 33. Nb6 Qg4 34. Nxc8
Bxe4 35. Ne1 Qxc8 36. f3 Bb7 37. Bxf7 Kg7 38. Qb3 Bc6 39. Rc1 Bb5 40. Be6 Qb7
41. Bd5 Qb8 42. Qc2 c5 43. Nd3 Qc7 44. Nf2 Bc6 45. Qe4 Bxd5 46. Qxd5 Be7 47.
Ng4 g5 48. Rb1 1-0

[Event "Superettan(Burgsvik-Orgryte)"]
[Site "?"]
[Date "2022.04.10"]
[Round "8"]
[White "Torngren, Gustav"]
[Black "Tuvesson, Mats"]
[Result "1-0"]
[WhiteElo "2245"]
[BlackElo "2071"]
[PlyCount "113"]

1. Nf3 Nf6 2. c4 c5 3. d4 cxd4 4. Nxd4 g6 5. Nc3 Bg7 6. e4 d6 7. Be2 Nc6 8. Be3
O-O 9. f3 Bd7 10. Qd2 a6 11. O-O Re8 12. Nc2 Qa5 13. Rac1 b5 14. b4 Qc7 15.
cxb5 axb5 16. Bxb5 Qb7 17. Bxc6 Bxc6 18. b5 Bd7 19. a4 Be6 20. Nd4 Bc4 21. Rf2
Nd7 22. Nd1 Be6 23. Qb4 Nc5 24. Nb2 Reb8 25. Rfc2 Qd7 26. Rc3 h5 27. Ra3 Kh7
28. Rc2 Rb7 29. Nd3 Nxd3 30. Rxd3 f5 31. Nc6 fxe4 32. fxe4 Qe8 33. Bd4 Bd7 34.
Bxg7 Kxg7 35. Qd4+ Kh7 36. Rf3 Bg4 37. Rf1 Qg8 38. Rcf2 Be6 39. Ra1 Qg7 40. Rb2
Bc4 41. e5 d5 42. Rf2 Rf8 43. Rxf8 Qxf8 44. e6 Rc7 45. Qe5 Rc8 46. Nd4 Ra8 47.
Nf3 Qg7 48. Qxg7+ Kxg7 49. Nd4 Kf6 50. Kf2 Ke5 51. Ke3 Kd6 52. b6 Kc5 53. Rb1
Ba6 54. a5 Bb7 55. Rc1+ Kb4 56. Rc7 Rb8 57. a6 1-0

[Event "Superettan(Kristallen-Upsala)"]
[Site "?"]
[Date "2022.04.10"]
[Round "8"]
[White "Wagner, Stephan"]
[Black "Walinder, Lars"]
[Result "1/2-1/2"]
[WhiteElo "2222"]
[BlackElo "2263"]
[PlyCount "83"]

1. c4 e5 2. Nc3 Nf6 3. g3 d5 4. cxd5 Nxd5 5. Bg2 Nb6 6. Nf3 Nc6 7. d3 Be7 8. a3
O-O 9. b4 Be6 10. Be3 a5 11. b5 Nd4 12. O-O f6 13. Bxd4 exd4 14. Na4 Qd7 15.
Nxb6 cxb6 16. Qa4 Bc5 17. Nd2 Rfe8 18. Bf3 Bf7 19. Nb3 Re5 20. Rac1 Be8 21.
Nxc5 bxc5 22. Qb3+ Bf7 23. Qb2 Bh5 24. b6 Rae8 25. Qd2 Bxf3 26. exf3 Qa4 27.
Qa2+ Kf8 28. f4 Re2 29. Qd5 Qxa3 30. Rxc5 Qxd3 31. Rc7 R2e7 32. Rxb7 Rxb7 33.
Qxb7 Qb5 34. Qc7 d3 35. Qd6+ Re7 36. Re1 Qd7 37. Qc5 d2 38. Rd1 Qe6 39. Qe3
Qxe3 40. fxe3 Rxe3 41. Rxd2 Rb3 42. Ra2 1/2-1/2

[Event "Superettan(Burgsvik-Orgryte)"]
[Site "?"]
[Date "2022.04.10"]
[Round "8"]
[White "Andersson, Bjorn"]
[Black "Eksmyr, Johan"]
[Result "1-0"]
[WhiteElo "2131"]
[BlackElo "2171"]
[PlyCount "93"]

1. e4 c6 2. d4 d5 3. e5 Bf5 4. Nc3 e6 5. g4 Bg6 6. Nge2 f6 7. Nf4 fxe5 8. Nxg6
hxg6 9. dxe5 Nd7 10. Bf4 Bb4 11. Qd3 Ne7 12. O-O-O Qa5 13. Ne4 O-O 14. Bg3 Qxa2
15. c3 Ba5 16. Qb1 Qa4 17. Rd4 Qb3 18. Nd2 Qb6 19. Bd3 c5 20. Ra4 c4 21. Bc2
Qc7 22. f4 b5 23. Ra1 b4 24. Qa2 bxc3 25. Qxa5 Qxa5 26. Rxa5 cxd2+ 27. Kxd2
Rfb8 28. Rha1 Rb7 29. Bf2 g5 30. Ra6 gxf4 31. Rxe6 Kf7 32. Raa6 Rxb2 33. Bd4
Rb7 34. g5 Nf8 35. Red6 g6 36. Rf6+ Kg8 37. Rxf4 Re8 38. Rff6 Nh7 39. e6 Nxg5
40. h4 Nh7 41. Rf7 Reb8 42. Rg7+ Kf8 43. Rxh7 Nf5 44. Bc5+ Kg8 45. Rxb7 Rxb7
46. Bxf5 gxf5 47. e7 1-0

[Event "Superettan(Kristallen-Upsala)"]
[Site "?"]
[Date "2022.04.10"]
[Round "8"]
[White "Subramanian, Aditya"]
[Black "Burwick, Malte"]
[Result "0-1"]
[WhiteElo "2181"]
[BlackElo "2215"]
[PlyCount "115"]

1. d4 g6 2. c4 Bg7 3. e4 d6 4. Nc3 Nf6 5. Nf3 O-O 6. Be2 Bg4 7. Be3 Nfd7 8. h4
c5 9. d5 b5 10. cxb5 a6 11. b6 Nxb6 12. Qd2 N8d7 13. b3 Nf6 14. Rd1 Nbd7 15.
Ng1 Bxe2 16. Ngxe2 Qa5 17. f3 Rfc8 18. O-O h5 19. Rb1 Ne5 20. Na4 Qd8 21. Rfc1
Rab8 22. Nf4 Nfd7 23. Nb2 Rb5 24. Rc2 Bf6 25. Qf2 Rb4 26. Rbc1 Rxe4 27. fxe4
Ng4 28. Qg3 Nxe3 29. Re2 Ng4 30. Nc4 Nde5 31. Nxe5 Bxe5 32. Qf3 Qa5 33. g3 Bd4+
34. Kh1 Ne5 35. Qf1 Rb8 36. Rec2 Ng4 37. Qf3 Qd8 38. Ne2 Bf6 39. Nf4 Qd7 40.
Kg2 Rb4 41. Re1 Rd4 42. Qf1 a5 43. Nh3 a4 44. Nf2 axb3 45. axb3 Ne5 46. Re3 Qb7
47. Ra2 Rb4 48. Qd1 c4 49. bxc4 Nxc4 50. Rf3 Bg7 51. Rc2 Ne5 52. Re3 Qb6 53.
Qe2 Rb1 54. Ra3 Qd4 55. Rac3 Ng4 56. Rd3 Qa1 57. Rd1 Rxd1 58. Nxd1 0-1

[Event "Superettan(Burgsvik-Orgryte)"]
[Site "?"]
[Date "2022.04.10"]
[Round "8"]
[White "Arnelind, Mikael"]
[Black "Larsson, Victor"]
[Result "1/2-1/2"]
[WhiteElo "2215"]
[BlackElo "2193"]
[PlyCount "169"]
[SourceDate "2022.05.22"]

1. d4 d5 2. c4 e6 3. Nc3 Be7 4. cxd5 exd5 5. Bf4 c6 6. Qc2 Nf6 7. e3 Nbd7 8.
Bd3 Nh5 9. Bg3 g6 10. Nge2 Nb6 11. Be5 Bf6 12. f4 Bg7 13. O-O-O f6 14. Bxg6+
hxg6 15. g4 Kf7 16. gxh5 Rxh5 17. Ng3 Rh6 18. e4 fxe5 19. dxe5 Bg4 20. Rd3 Qe7
21. Qg2 Bh3 22. Qf2 Rd8 23. Rhd1 Bg4 24. Rg1 d4 25. Rxd4 Rxd4 26. Qxd4 Rxh2 27.
Nf1 Rh4 28. Qf2 Bh6 29. Kb1 Bg7 30. Ne3 Bh5 31. f5 Rh3 32. f6 Bxf6 33. exf6
Qxf6 34. Qd2 Qf3 35. Rf1 Rh1 36. Rxh1 Qxh1+ 37. Kc2 Qh3 38. a4 a5 39. Qd4 Qh2+
40. Kb3 Qc7 41. Nc4 Nxc4 42. Qxc4+ Kg7 43. Qd4+ Kf7 44. Qc4+ Kf8 45. Qc5+ Ke8
46. Kc2 b6 47. Qd4 Qd8 48. Qg7 Qe7 49. Qg8+ Kd7 50. Qb8 Qd8 51. Qh2 Kc8 52.
Qh3+ Kb7 53. Qh1 Qd4 54. Qh4 Qe5 55. Qh3 Qd6 56. Qh1 Qf4 57. Qh3 Qg4 58. Qd3 g5
59. Qd6 Be8 60. e5 Bd7 61. Qe7 Qf5+ 62. Kd2 Qf4+ 63. Kd3 Kc8 64. Qf6 Qxf6 65.
exf6 Kd8 66. Ke4 Ke8 67. Ke5 g4 68. Ne4 b5 69. Kd6 Bf5 70. Ng3 Bc2 71. Kxc6
Bxa4 72. Kb6 Kf7 73. Nh5 Bb3 74. Kxa5 Bc4 75. b3 Bxb3 76. Kxb5 Kg6 77. Ng3 Kxf6
78. Kb4 Bd5 79. Kc3 Ke5 80. Kd3 Kf4 81. Nf1 Bb7 82. Ne3 g3 83. Ke2 Ba6+ 84. Kd2
Kf3 85. Nf5 1/2-1/2

[Event "Superettan(Kristallen-Upsala)"]
[Site "?"]
[Date "2022.04.10"]
[Round "8"]
[White "Malm Lindberg, Henrik"]
[Black "Gamback, Bjorn"]
[Result "1/2-1/2"]
[WhiteElo "2194"]
[BlackElo "2092"]
[PlyCount "54"]

1. e4 c5 2. Nf3 d6 3. d4 cxd4 4. Nxd4 Nf6 5. Nc3 g6 6. Be2 Bg7 7. O-O O-O 8.
Bg5 Nbd7 9. Re1 h6 10. Bh4 a6 11. Bf1 Qc7 12. a4 b6 13. Nd5 Nxd5 14. exd5 Nf6
15. c4 Re8 16. f3 Bb7 17. Bf2 Nd7 18. b3 Nc5 19. b4 Nd7 20. a5 bxa5 21. Rxa5
Rac8 22. Ra1 Qb8 23. Rb1 Qa8 24. Qb3 Ne5 25. Rec1 e6 26. dxe6 fxe6 27. Re1 g5
1/2-1/2

[Event "Superettan(Burgsvik-Orgryte)"]
[Site "?"]
[Date "2022.04.10"]
[Round "8"]
[White "Gannholm, Ingvar"]
[Black "Anderzen, Robert"]
[Result "0-1"]
[WhiteElo "1733"]
[BlackElo "2099"]
[PlyCount "82"]

1. d4 Nf6 2. f4 d5 3. Nf3 Bf5 4. e3 e6 5. Bd3 Bd6 6. O-O O-O 7. Nbd2 Qe7 8. Ne5
Nbd7 9. Qe2 c5 10. c3 c4 11. Bb1 b5 12. e4 Nxe4 13. Nxe4 Bxe4 14. Bxe4 dxe4 15.
Nxd7 Qxd7 16. Qxe4 g6 17. Be3 Be7 18. Rad1 Rfd8 19. Bc1 Qd5 20. Qe3 Bf8 21.
Rde1 b4 22. Qg3 Bg7 23. cxb4 Bxd4+ 24. Kh1 Qf5 25. h3 a5 26. b5 Qxb5 27. Re5
Rd5 28. Rxd5 Qxd5 29. Rd1 Qc5 30. Qf3 Rb8 31. a3 Kg7 32. Qe2 Rb3 33. Qc2 Bf6
34. Qe2 a4 35. Rf1 Qb5 36. f5 Qd5 37. fxg6 Rxh3+ 38. Kg1 Bd4+ 39. Rf2 Bxf2+ 40.
Kxf2 Qf5+ 41. Kg1 Qc5+ 0-1

[Event "Superettan(Kristallen-Upsala)"]
[Site "?"]
[Date "2022.04.10"]
[Round "8"]
[White "Hedstrom, Johan"]
[Black "Marttala, Thomas"]
[Result "1/2-1/2"]
[WhiteElo "2024"]
[BlackElo "2199"]
[PlyCount "61"]

1. e4 c5 2. Nf3 Nc6 3. d4 cxd4 4. Nxd4 Qb6 5. Nb3 Nf6 6. Be3 Qb4+ 7. N1d2 Nxe4
8. c3 Qa4 9. Nxe4 Qxe4 10. Qd2 d6 11. f3 Qa4 12. Be2 e5 13. O-O Be7 14. Bd1 Qh4
15. Bf2 Qg5 16. Be3 Qg6 17. Qf2 O-O 18. f4 exf4 19. Bxf4 Ne5 20. Bc2 Qh5 21. h3
Bg5 22. Bxg5 Qxg5 23. Kh1 Be6 24. Nd4 Bc4 25. Rfd1 g6 26. Kg1 Rfe8 27. Bb3 Bxb3
28. axb3 a6 29. Rd2 Red8 30. Rad1 Qe7 31. Qg3 1/2-1/2

[Event "Superettan(Burgsvik-Orgryte)"]
[Site "?"]
[Date "2022.04.10"]
[Round "8"]
[White "Troberg Eskola, Love"]
[Black "Scheid, Adam"]
[Result "1-0"]
[WhiteElo "1993"]
[BlackElo "1974"]
[PlyCount "71"]

1. Nf3 d5 2. e3 Nf6 3. c4 g6 4. b3 Bg7 5. Bb2 c6 6. Be2 O-O 7. O-O dxc4 8. Bxc4
Bg4 9. Be2 Nbd7 10. d3 Qc7 11. Nbd2 Rad8 12. h3 Bxf3 13. Nxf3 Rfe8 14. Qc2 e5
15. Nd2 Nd5 16. a3 N7f6 17. Rac1 e4 18. Bxf6 Nxf6 19. dxe4 Qe7 20. Rfd1 Qxa3
21. Ra1 Qb4 22. Rxa7 Nxe4 23. Nxe4 Rxd1+ 24. Bxd1 Rxe4 25. Rxb7 Qe1+ 26. Kh2
Be5+ 27. g3 Rh4 28. Bf3 c5 29. Re7 Bd6 30. Rd7 Be5 31. Rd5 f6 32. Rxe5 Rxh3+
33. Kxh3 fxe5 34. Bg2 Qb4 35. Qc4+ Qxc4 36. bxc4 1-0

[Event "Superettan(Kristallen-Upsala)"]
[Site "?"]
[Date "2022.04.10"]
[Round "8"]
[White "Svensson, Mans"]
[Black "Persson, Andreas"]
[Result "1/2-1/2"]
[WhiteElo "2135"]
[BlackElo "2117"]
[PlyCount "137"]

1. d4 d5 2. c4 c6 3. Nf3 Nf6 4. Qc2 e6 5. e3 Nbd7 6. Nc3 Bd6 7. g4 h6 8. Rg1 e5
9. h3 O-O 10. Bd2 Re8 11. O-O-O e4 12. Nh4 dxc4 13. Nf5 Nb6 14. f3 exf3 15. e4
Bb4 16. e5 Nfd5 17. Ne4 Be6 18. Ned6 Bxd2+ 19. Qxd2 Qg5 20. Nxe8 Rxe8 21. Nd6
Re7 22. Qxg5 hxg5 23. Rg3 Ne3 24. Re1 Nxf1 25. Rxf1 Bd5 26. Nf5 Re8 27. Ne3 Be4
28. Rf2 Rd8 29. Nf5 Nc8 30. Rd2 b5 31. Rd1 g6 32. Ne3 Bd3 33. Rxf3 Be2 34. Rf6
Bxd1 35. Nxd1 Ne7 36. Rd6 Rc8 37. Nc3 a5 38. Ne4 Nd5 39. Nxg5 Nf4 40. Rd7 c5
41. d5 Nd3+ 42. Kb1 Nxe5 43. Re7 f6 44. Nh7 Nf7 45. Nxf6+ Kg7 46. Ne4 Rd8 47.
d6 Kf8 48. Rb7 b4 49. Nxc5 Rxd6 50. Kc2 g5 51. Ra7 Rh6 52. Rxa5 Rxh3 53. Ne4
Rh2+ 54. Kc1 Rh1+ 55. Kc2 Rh2+ 56. Nd2 Nd6 57. Rd5 Ke7 58. Kc1 Rh1+ 59. Kc2 Rh2
60. Kc1 c3 61. bxc3 bxc3 62. Nf3 Rxa2 63. Nxg5 Rg2 64. Nf3 Nc4 65. Rc5 Rxg4 66.
Kc2 Rg3 67. Rxc4 Rxf3 68. Rxc3 Rxc3+ 69. Kxc3 1/2-1/2

[Event "Superettan(Kristallen-Upsala)"]
[Site "?"]
[Date "2022.04.10"]
[Round "8"]
[White "Willinger, Tim"]
[Black "Fernandez, Juan Pablo"]
[Result "0-1"]
[WhiteElo "2042"]
[BlackElo "2024"]
[PlyCount "88"]

1. d4 Nf6 2. c4 e6 3. Nc3 Bb4 4. e3 c5 5. Nge2 cxd4 6. exd4 d5 7. a3 Be7 8. Nf4
O-O 9. cxd5 Nxd5 10. Nfxd5 exd5 11. Bd3 Nc6 12. O-O Nxd4 13. Bxh7+ Kxh7 14.
Qxd4 Be6 15. Be3 Kg8 16. Qd2 Bf6 17. Bd4 Bxd4 18. Qxd4 Qd7 19. Rfd1 Rfd8 20.
Rd3 b6 21. Rg3 g6 22. h4 Kh7 23. h5 Rg8 24. hxg6+ Rxg6 25. Rxg6 fxg6 26. Rd1
Rf8 27. Nxd5 Bxd5 28. Qxd5 Qxd5 29. Rxd5 Rf7 30. f3 Rc7 31. Rd2 Kg7 32. Kf2 Kf6
33. g4 Ke5 34. Re2+ Kf4 35. Re4+ Kg5 36. Kg3 Kf6 37. f4 Rc2 38. g5+ Kf7 39. Ra4
a5 40. b4 Rc4 41. Kf3 Ke6 42. Ke3 Kf5 43. Kf3 Rxf4+ 44. Ke3 Kxg5 0-1

[Event "Superettan(Schack 08-Helsingborg)"]
[Site "?"]
[Date "2022.04.10"]
[Round "8"]
[White "Semcesen, Daniel"]
[Black "Nyander, Joakim"]
[Result "1/2-1/2"]
[WhiteElo "2472"]
[BlackElo "2243"]
[PlyCount "96"]

1. d4 Nf6 2. c4 c5 3. d5 a6 4. a4 e5 5. Nc3 d6 6. e4 Be7 7. g3 O-O 8. h4 Ne8 9.
Bh3 Nd7 10. Nf3 Rb8 11. a5 b5 12. axb6 Nxb6 13. Bxc8 Qxc8 14. Qe2 Nc7 15. Be3
Nd7 16. O-O Qb7 17. Rfb1 Ra8 18. Ra4 Rfb8 19. Nd2 Qc8 20. b3 Bd8 21. Rba1 Nf8
22. Kg2 Qd7 23. Nd1 Ng6 24. Nb2 a5 25. Nd3 Na6 26. h5 Nf8 27. f4 f6 28. h6 g6
29. fxe5 fxe5 30. Rf1 Nb4 31. Qf3 Qe8 32. Nxb4 Rxb4 33. Ra2 Ra7 34. Qg4 Qd7 35.
Qxd7 Rxd7 36. g4 Rf7 37. g5 Rxf1 38. Kxf1 Nd7 39. Ke2 Kf7 40. Kd3 Ke8 41. Ra1
Nb6 42. Ra3 a4 43. bxa4 Nxa4 44. Kc2 Rb2+ 45. Kc1 Rb4 46. Kc2 Rb2+ 47. Kc1 Rb4
48. Kc2 Rb2+ 1/2-1/2

[Event "Superettan(Farsta-Vasteras II)"]
[Site "?"]
[Date "2022.04.10"]
[Round "8"]
[White "Landgren, Andreas"]
[Black "Ong, Kezli"]
[Result "1-0"]
[WhiteElo "2195"]
[BlackElo "2300"]
[PlyCount "89"]

1. d4 Nf6 2. c4 e6 3. Nf3 Bb4+ 4. Nbd2 b6 5. a3 Bxd2+ 6. Bxd2 Bb7 7. g3 d6 8.
Bg2 Nbd7 9. O-O O-O 10. b3 Qe7 11. Bc3 Ne4 12. Bb2 f5 13. Qc2 Rae8 14. Rad1 Qf7
15. Ne1 Qh5 16. Nd3 g5 17. f3 Nef6 18. c5 Bd5 19. Rde1 Qg6 20. e3 a5 21. Re2
Re7 22. Rfe1 Ref7 23. e4 fxe4 24. fxe4 Ba8 25. c6 Nb8 26. d5 Ng4 27. Qc3 e5 28.
h3 Nf6 29. Nf2 h5 30. Bc1 Kh7 31. b4 a4 32. b5 Ng8 33. Qe3 Rg7 34. Nh1 Nf6 35.
Rf1 Kg8 36. Ref2 g4 37. h4 Nh7 38. Rf5 Qe8 39. Qf2 Rg6 40. Rxf8+ Nxf8 41. Qc2
Rg7 42. Bh6 Rf7 43. Rxf7 Qxf7 44. Bxf8 Qxf8 45. Qxa4 1-0

[Event "Superettan(Schack 08-Helsingborg)"]
[Site "?"]
[Date "2022.04.10"]
[Round "8"]
[White "Laveryd, Peter"]
[Black "Nilsson Hask, Patrik"]
[Result "0-1"]
[WhiteElo "2360"]
[BlackElo "2199"]
[PlyCount "78"]
[EventDate "2022.??.??"]

1. e4 e6 2. d4 d5 3. Nc3 Nf6 4. e5 Nfd7 5. Nce2 c5 6. c3 Nc6 7. f4 b5 8. a3 c4
9. Nf3 Nb6 10. Rg1 Kd7 11. g4 h5 12. h3 Kc7 13. Ng3 h4 14. Nh1 a5 15. Be3 Bd7
16. Qc2 g6 17. Ng5 Qe8 18. Bg2 Be7 19. Rf1 b4 20. axb4 axb4 21. Rxa8 Nxa8 22.
f5 gxf5 23. gxf5 Bxg5 24. Bxg5 Nb6 25. f6 Qa8 26. Bf3 Qa2 27. Bd1 Na7 28. Nf2
Ba4 29. Qd2 Bxd1 30. Nxd1 Nb5 31. cxb4 Qb1 32. Rf4 c3 33. bxc3 Nc4 34. Qe2 Nxc3
35. Qf3 Nxd1 36. Qxd1 Qxb4+ 37. Ke2 Ra8 38. Rxh4 Qc3 39. Qb1 Ra1 0-1

[Event "Superettan(Farsta-Vasteras II)"]
[Site "?"]
[Date "2022.04.10"]
[Round "8"]
[White "Lindeman, Sven"]
[Black "Eriksson, Anders"]
[Result "1/2-1/2"]
[WhiteElo "2154"]
[BlackElo "2233"]
[PlyCount "67"]

1. e4 c6 2. d4 d5 3. e5 Bf5 4. h4 h5 5. Bg5 Qb6 6. Bd3 Bxd3 7. Qxd3 e6 8. Nd2
Qa6 9. c4 Bb4 10. b3 Ne7 11. Bxe7 Bxe7 12. Qg3 g6 13. c5 b6 14. b4 Nd7 15. Ne2
bxc5 16. dxc5 Qb7 17. a3 a5 18. Rb1 axb4 19. axb4 Ra4 20. Qc3 O-O 21. Nf4 Rfa8
22. Nd3 Ra3 23. Qd4 Qb5 24. Rh3 Bxh4 25. Nb3 Bd8 26. Qe3 Qc4 27. Na5 Bxa5 28.
bxa5 Nxe5 29. Qxe5 Rxd3 30. Rb8+ Rxb8 31. Qxb8+ Kg7 32. Qe5+ Kh6 33. Rxh5+ gxh5
34. Qf6+ 1/2-1/2

[Event "Superettan(Schack 08-Helsingborg)"]
[Site "?"]
[Date "2022.04.10"]
[Round "8"]
[White "Kristensen, Kare Hove"]
[Black "Sternlund, Hakan"]
[Result "1/2-1/2"]
[WhiteElo "2307"]
[BlackElo "2133"]
[PlyCount "60"]

1. Nf3 c5 2. e4 d6 3. d4 cxd4 4. Nxd4 Nf6 5. Nc3 a6 6. Bg5 e6 7. f4 Be7 8. Qf3
Qc7 9. O-O-O Nbd7 10. Bd3 b5 11. Rhe1 Bb7 12. Qg3 h6 13. Bh4 g5 14. fxg5 Nh5
15. Qe3 Qc5 16. Nf3 Qxe3+ 17. Rxe3 Nf4 18. Bf1 b4 19. Ne2 Ng6 20. Bg3 e5 21.
Be1 a5 22. Ng3 hxg5 23. h3 Nh4 24. Nxh4 gxh4 25. Nf5 Bg5 26. Nxd6+ Kf8 27. Bd2
Bxe3 28. Bxe3 Ba6 29. Bxa6 Rxa6 30. Nf5 Ke8 1/2-1/2

[Event "Superettan(Farsta-Vasteras II)"]
[Site "?"]
[Date "2022.04.10"]
[Round "8"]
[White "Patzelt, Nikolaus"]
[Black "Hjelm, Niclas"]
[Result "0-1"]
[WhiteElo "2113"]
[BlackElo "2266"]
[PlyCount "98"]

1. d4 d5 2. c4 dxc4 3. e4 e5 4. Nf3 Bb4+ 5. Bd2 Bxd2+ 6. Nbxd2 exd4 7. Bxc4 Nc6
8. O-O Nf6 9. Re1 O-O 10. h3 Nd7 11. Nb3 Nce5 12. Nxe5 Nxe5 13. Bf1 Qf6 14. Qc1
Be6 15. Nxd4 Rad8 16. Nxe6 fxe6 17. Qe3 b6 18. b4 c6 19. Rad1 g5 20. Rxd8 Rxd8
21. Rc1 Qf4 22. Qxf4 gxf4 23. Bc4 Kf7 24. g3 f3 25. Bb3 Ke7 26. g4 Rd4 27. a3
Rxe4 28. Kh2 Rd4 29. Re1 Kd6 30. Kg3 h6 31. Re3 c5 32. bxc5+ bxc5 33. Bc2 Kd5
34. Kh4 Rd2 35. Be4+ Kd4 36. Bxf3 Nxf3+ 37. Rxf3 c4 38. Rf8 c3 39. Rd8+ Kc4 40.
Rc8+ Kb3 41. Kh5 Rxf2 42. Kxh6 Rh2 43. g5 Rxh3+ 44. Kg7 c2 45. Rb8+ Kxa3 46.
Rc8 Kb2 47. Rb8+ Rb3 48. Rc8 Rc3 49. Rb8+ Ka2 0-1

[Event "Superettan(Schack 08-Helsingborg)"]
[Site "?"]
[Date "2022.04.10"]
[Round "8"]
[White "Karlsson, Tomas"]
[Black "Hakansson, Stefan"]
[Result "1-0"]
[WhiteElo "2314"]
[BlackElo "2057"]
[PlyCount "125"]

1. e4 c5 2. Nf3 Nc6 3. d4 cxd4 4. Nxd4 Nf6 5. Nc3 e5 6. Ndb5 d6 7. Nd5 Nxd5 8.
exd5 Nb8 9. c4 Be7 10. c5 O-O 11. Bc4 a6 12. cxd6 Bxd6 13. Nxd6 Qxd6 14. O-O b5
15. Bb3 Bb7 16. Be3 Nd7 17. Qd3 Rfd8 18. Rfd1 Rac8 19. h3 Nc5 20. Bxc5 Rxc5 21.
Rac1 Rdc8 22. Rxc5 Rxc5 23. Qe3 g6 24. a3 Kg7 25. h4 h6 26. Re1 f6 27. h5 gxh5
28. Qg3+ Kf7 29. Qh3 Bxd5 30. Qxh5+ Ke7 31. Bxd5 Rxd5 32. Qg4 Kf7 33. Qh5+ Ke7
34. Qg4 Kf7 35. Re3 e4 36. Qxe4 Rd1+ 37. Re1 Rxe1+ 38. Qxe1 Qd4 39. Qe2 b4 40.
Qxa6 Qd1+ 41. Qf1 Qb3 42. axb4 Qxb4 43. Qc1 Qb3 44. Qc7+ Kf8 45. Qd8+ Kf7 46.
Qd4 Ke6 47. Kf1 Kf7 48. g3 h5 49. Qc3 Qd1+ 50. Kg2 Qe2 51. Qd4 Qb5 52. b4 Qb7+
53. Kf1 Qh1+ 54. Ke2 Qb1 55. Qc4+ Ke7 56. b5 f5 57. Kf3 Kf6 58. Kf4 Qd1 59.
Qc6+ Kf7 60. f3 h4 61. gxh4 Qd4+ 62. Kxf5 Qxh4 63. Qg6+ 1-0

[Event "Superettan(Farsta-Vasteras II)"]
[Site "?"]
[Date "2022.04.10"]
[Round "8"]
[White "Jaderberg, Bjorn"]
[Black "Magnusson, Karl"]
[Result "1/2-1/2"]
[WhiteElo "2147"]
[BlackElo "2121"]
[PlyCount "99"]

1. e4 c5 2. Nf3 d6 3. Bb5+ Nd7 4. c3 a6 5. Ba4 b5 6. Bc2 Bb7 7. d4 Ngf6 8. Qe2
e5 9. O-O Qb6 10. Rd1 Be7 11. Bg5 h6 12. Bxf6 Bxf6 13. dxe5 dxe5 14. Nbd2 Qc7
15. Nf1 Nb6 16. Ne3 g6 17. a4 O-O 18. axb5 axb5 19. Qxb5 Rfb8 20. c4 Be7 21.
Qb3 Bc6 22. Qc3 f6 23. Nd5 Nxd5 24. cxd5 Be8 25. Nd2 Rxa1 26. Rxa1 Rb5 27. Bb3
Bd6 28. Ra8 Rb8 29. Rxb8 Qxb8 30. Nc4 Bb5 31. Nxd6 Qxd6 32. Qa5 Ba6 33. Ba4 f5
34. Bb5 Bxb5 35. Qxb5 Kf7 36. f3 fxe4 37. fxe4 Qe7 38. Qd3 Qd6 39. Kf2 h5 40.
Ke2 Qb6 41. Qc3 Kf6 42. Kd2 c4 43. Qf3+ Ke7 44. Kc2 Qd4 45. h4 Qb6 46. Qg3 Qd4
47. Qf3 Qb6 48. Kb1 Qg1+ 49. Ka2 Qd4 50. Kb1 1/2-1/2

[Event "Superettan(Schack 08-Helsingborg)"]
[Site "?"]
[Date "2022.04.10"]
[Round "8"]
[White "Rothman, Peter"]
[Black "Bjorkeroth, Johan"]
[Result "1-0"]
[WhiteElo "2124"]
[BlackElo "2129"]
[PlyCount "121"]
[SourceDate "2022.05.22"]

1. d4 Nf6 2. Nf3 e6 3. c4 d5 4. Nc3 c5 5. cxd5 exd5 6. Bg5 Be6 7. g3 Nc6 8. Bg2
c4 9. O-O Be7 10. Ne5 O-O 11. Nxc6 bxc6 12. b3 Qa5 13. Na4 Rfd8 14. Qc2 Rac8
15. Rfd1 Qb5 16. Rab1 cxb3 17. axb3 Bg4 18. f3 Bh5 19. Rbc1 Bg6 20. Qa2 Re8 21.
Nc5 Bxc5 22. Rxc5 Rxe2 23. Rd2 Rxd2 24. Qxd2 Qxb3 25. Bh3 Re8 26. Kf2 Bh5 27.
Rc3 Qb7 28. Qc1 Qb5 29. Bf1 Qb4 30. Be3 h6 31. Rxc6 Bg6 32. Ra6 Qb7 33. Bxh6
Ng4+ 34. fxg4 gxh6 35. Qd2 Kg7 36. h4 Re6 37. Rxe6 fxe6 38. Be2 Qb6 39. Qf4 Qb7
40. Qe5+ Kf7 41. g5 hxg5 42. Qxg5 Qe7 43. Qf4+ Qf6 44. Ke3 Qxf4+ 45. Kxf4 Bc2
46. Ba6 Bb3 47. Ke5 Bc4 48. Bc8 a5 49. Bxe6+ Ke7 50. Bxd5 Be2 51. Bc6 Bd1 52.
d5 a4 53. d6+ Kd8 54. Bxa4 Bxa4 55. g4 Ke8 56. Kf6 Kf8 57. g5 Be8 58. g6 Bd7
59. h5 Bg4 60. h6 Kg8 61. Ke7 1-0

[Event "Superettan(Farsta-Vasteras II)"]
[Site "?"]
[Date "2022.04.10"]
[Round "8"]
[White "Adahl, Mattias"]
[Black "Lagerborg, Krister"]
[Result "0-1"]
[WhiteElo "2086"]
[BlackElo "2129"]
[PlyCount "112"]

1. d4 Nf6 2. Nf3 g6 3. Nc3 Bg7 4. e4 d6 5. h3 c6 6. a4 a5 7. Be3 Na6 8. Qd2 h6
9. Be2 Nc7 10. Bd3 Bd7 11. O-O b5 12. Rfe1 b4 13. Ne2 d5 14. e5 Ne4 15. Qc1 f5
16. exf6 exf6 17. Nh4 Kf7 18. Nxg6 Kxg6 19. f3 f5 20. fxe4 fxe4 21. Nf4+ Kh7
22. Be2 Ne6 23. Nh5 Bxd4 24. Bg4 Rf8 25. Bxe6 Bxe3+ 26. Qxe3 Bxe6 27. Nf4 Bd7
28. Rf1 Qg5 29. Rf2 Rf7 30. Raf1 Raf8 31. Kh2 Qe5 32. g3 d4 33. Qe2 c5 34. Ng2
Rxf2 35. Rxf2 Rxf2 36. Qxf2 Qf5 37. Nf4 e3 38. Qg2 Bxa4 39. b3 Bd7 40. Nd3 a4
41. bxa4 b3 42. g4 Qg6 43. Qd5 Bc6 44. Qxc5 Qe4 45. Kg3 bxc2 46. Qxc2 Qf3+ 47.
Kh4 Qf6+ 48. Kg3 Qf3+ 49. Kh4 Kg7 50. Qc5 Qf6+ 51. Kg3 Qf3+ 52. Kh4 Qf6+ 53. g5
Qxg5+ 54. Qxg5+ hxg5+ 55. Kxg5 Be4 56. Nc5 e2 0-1

[Event "Superettan(Farsta-Vasteras II)"]
[Site "?"]
[Date "2022.04.10"]
[Round "8"]
[White "Stavenberg, Karl"]
[Black "Nordebrink, Johan"]
[Result "1-0"]
[WhiteElo "2088"]
[BlackElo "2103"]
[PlyCount "77"]

1. d4 Nf6 2. c4 c5 3. d5 a6 4. Nc3 b5 5. cxb5 axb5 6. Nxb5 e6 7. dxe6 fxe6 8.
e3 d5 9. Nf3 Nc6 10. Be2 Be7 11. O-O O-O 12. b3 Ne4 13. Bb2 Ba6 14. Ne5 Na5 15.
f3 Nd6 16. Nxd6 Bxd6 17. Bxa6 Rxa6 18. Qe2 Qa8 19. f4 Qb7 20. Bc3 Nc6 21. Nxc6
Rxc6 22. Qg4 Bb8 23. Rf3 Rd8 24. Rh3 Qe7 25. Be5 Bxe5 26. fxe5 Ra8 27. Qh5 g6
28. Qh6 c4 29. bxc4 Rxc4 30. Rf1 Qg7 31. Qg5 Re4 32. Rhf3 Qxe5 33. Qe7 Qg7 34.
Rf7 Qh6 35. Qb7 Rd8 36. Qc7 Ra8 37. Rd7 Rf8 38. Rxf8+ Qxf8 39. Rd8 1-0

[Event "Superettan(Schack 08-Helsingborg)"]
[Site "?"]
[Date "2022.04.10"]
[Round "8"]
[White "Jonsson, Filip"]
[Black "Stenman, Christoffer"]
[Result "1-0"]
[WhiteElo "1970"]
[BlackElo "1966"]
[PlyCount "95"]

1. d4 e6 2. Nf3 d5 3. g3 Nf6 4. Bg2 Be7 5. O-O O-O 6. c4 c6 7. Qc2 Nbd7 8. Nbd2
b6 9. e4 Bb7 10. e5 Nh5 11. cxd5 cxd5 12. Nb1 g6 13. Re1 Rc8 14. Qa4 Rc4 15.
Qd1 a6 16. Bf1 Rc6 17. Nc3 Qc7 18. Bd2 Rc8 19. Bd3 b5 20. Qe2 Nb6 21. Rad1 b4
22. Nb1 Nc4 23. Bc1 Ng7 24. Qf1 Qa5 25. a3 bxa3 26. bxa3 Nxa3 27. Nxa3 Bxa3 28.
Bd2 Bb4 29. Ra1 Qb6 30. Reb1 a5 31. Ra4 Qc7 32. Bxb4 axb4 33. Raxb4 Ba8 34. Kg2
Nf5 35. Bxf5 exf5 36. Qe1 Rc4 37. Rb6 Rc6 38. R6b5 Kg7 39. Qe3 h6 40. h4 Rc3
41. Qd2 Qc4 42. R1b4 Qd3 43. Qf4 Qc2 44. e6 Qe2 45. exf7 Bc6 46. Rb8 Rxb8 47.
Rxb8 Kxf7 48. Ne5+ 1-0